|
|
|
|
| LEADER |
00772nam a2200193 a 4500 |
| 008 |
100502s1983 ii a 000 0 eng d |
| 040 |
|
|
|d BD-DhAAL
|d BD-DhAAL
|
| 082 |
0 |
0 |
|a 362.1
|2 19
|
| 110 |
2 |
|
|a World Health Organization.
|
| 245 |
1 |
0 |
|a Strategies for health for all by the year 2000.
|
| 260 |
|
|
|a New Delhi :
|b World Health Organization,
|c 1983.
|
| 300 |
|
|
|a 287 p. :
|b ill. ;
|c 29 cm.
|
| 541 |
1 |
|
|e 00001722
|
| 650 |
|
0 |
|a World health.
|
| 650 |
|
0 |
|a Public health
|x International cooperation.
|
| 610 |
2 |
0 |
|a World Health Organization.
|
| 852 |
4 |
|
|a Ayesha Abed Library
|j General Shelf
|
| 999 |
|
|
|c 8339
|d 8339
|
| 952 |
|
|
|0 0
|1 0
|2 ddc
|4 0
|6 362_100000000000000_STR_1983
|7 0
|9 9626
|a BRACUL
|b BRACUL
|c GEN
|d 2010-05-02
|g 0.00
|l 0
|o 362.1 STR
|p 3010001722
|r 2010-05-02
|t 1
|w 2010-05-02
|y BK
|z Not price in Register
|